Nick Quijano y Arnaldo Roche (Record no. 6238)

MARC details
000 - LÍDER
campo de control de longitud fija 01424nam a2200217Ia 4500
008 - ELEMENTOS DE DATOS DE LONGITUD FIJA - INFORMACIÓN GENERAL
campo de control de longitud fija 0000001988 usa 0000000000eng00
090 ## - NÚMERO DE LLAMADA DE TIPO LC LOCALMENTE ASIGNADO (OCLC)
Número de clasificación (OCLC) (R) PPR00 Q83n
100 1# - ENTRADA PRINCIPAL - NOMBRE PERSONAL
Nombre de la persona Quijano, Nick
Fechas asociadas a un nombre 1953
245 10 - TÍTULO DECLARACIÓN
Título Nick Quijano y Arnaldo Roche
Resto del título : le rinden homenaje a campeche = Nick Quijano & Arnaldo Roche
-- : pay homage to campeche
Declaración de responsabilidad / curadora Haydee Venegas ; traductores Julia Rodríguez, Enrique García Gutiérrez, Roberto Márquez; fotografías Edwin Medina, Johnny Betancourt, Michael Tropea
260 ## - PUBLICACIÓN, DISTRIBUCIÓN
Lugar de publicación New York : Museum of Contemporary Hispanic Art. Mocha
Fecha de publicación 1988
300 ## - DESCRIPCIÓN FÍSICA
Alcance [28] p.
Dimensiones / 26 cm.
500 ## - NOTA GENERAL
Nota general Exposición realizada en Chase Manhattan Bank, Hato rey (puerto Rico), Septiembre 20 Octubre 31, 1988 ; Museum of Contemporary Hispanic Art, new York, Noviembre 17 Diciembre 29, 1988 \ Con el patronazgo del maestro venezolano Jesús Rafael Soto (q.e.p.d.)
600 00 - ENTRADA DE SUJETO AÑADIDO - NOMBRE PERSONAL
Nombre de la persona QUIJANO, NICK, 1953/
Subdivisión general TRABAJOS PICTORICOS \ ROCHERABELL, ARNALDO, 1955 /
-- TRABAJOS PICTORICOS
650 14 - ENTRADA DE SUJETO AÑADIDO - TÉRMINO TÓPICO
Término tópico o elemento de entrada del nombre geográfico ARTE CONTEMPORANEO PUERTORRIQUEÑO
650 14 - ENTRADA DE SUJETO AÑADIDO - TÉRMINO TÓPICO
Subdivisión general CATALOGOS
650 14 - ENTRADA DE SUJETO AÑADIDO - TÉRMINO TÓPICO
Subdivisión general EXPOSICIONES
650 14 - ENTRADA DE SUJETO AÑADIDO - TÉRMINO TÓPICO
Término tópico o elemento de entrada del nombre geográfico PINTORES PUERTORRIQUEÑOS
650 14 - ENTRADA DE SUJETO AÑADIDO - TÉRMINO TÓPICO
Término tópico o elemento de entrada del nombre geográfico PINTURA PUERTORRIQUEÑA
700 1# - ENTRADA AGREGADA - NOMBRE PERSONAL
Nombre de la persona Vanegas, Haydee \ Rodríguez, Julia, tr. \ García Gutiérrez, Enrique, tr. \ Márquez, Roberto, tr. \ Medina, Edwin \ Betancourt, Johnny \ Tropea, Michael
Holdings
Estado de retirada Pérdida de estatus Estado dañado No para préstamo Código de recogida Ubicación permanente Ubicación actual Ubicación de las estanterías Fecha de adquisición Número de llamada completo Código de barras Fecha de la última vez que se vio Número de copia Precio efectivo desde Tipo de artículo Koha
        General ArtNexus ArtNexus General 06/09/2022 P-PR-00 Q83N 6242 06/09/2022 Ej.1 06/09/2022 Libro

Powered by Koha